Quân Vương Nguyên tác tiếng Ý :il Principe
Na minha lista:
| Autor principal: | |
|---|---|
| Outros Autores: | , |
| Formato: | Livro |
| Idioma: | Vietnamese |
| Publicado em: |
Hà Nội
Dân trí
2017
|
| Assuntos: | |
| Tags: |
Adicionar Tag
Sem tags, seja o primeiro a adicionar uma tag!
|
| Thư viện lưu trữ: | Trung tâm Học liệu Lê Vũ Hùng, Trường Đại học Đồng Tháp |
|---|
| LEADER | 00954pam a22002898a 4500 | ||
|---|---|---|---|
| 001 | 00042667 | ||
| 005 | 20181016161052.0 | ||
| 008 | 121122s2009 ||||||viesd | ||
| 020 | # | # | |c 160000 |a 978 604 88 4965 8 |
| 041 | 0 | # | |a vie |
| 082 | 1 | 4 | |a 320 |b QU121V |
| 100 | 1 | # | |a Nicolo Nachiavelli |
| 242 | 2 | 1 | |a The prince |
| 245 | 0 | 0 | |b Nguyên tác tiếng Ý :il Principe |a Quân Vương |c Nicolo Nachiavelli; William Kenzar Marriott ;Đăng Thư (dịch) |
| 260 | # | # | |a Hà Nội |b Dân trí |c 2017 |
| 300 | # | # | |c 26 cm |a 130 tr. |
| 653 | # | # | |a Chủ nghĩa tư bản |
| 653 | # | # | |a Thể kỷ 16 |
| 653 | # | # | |a Nước ý |
| 653 | # | # | |a Nhà chính trị |
| 653 | # | # | |a Khoa học chính trị |
| 653 | # | # | |a Lịch sử |
| 700 | 1 | # | |a William Kenzar Marriott |
| 700 | 1 | # | |a Đăng Thư |e Dịch |
| 852 | # | # | |j KM.0026701 |
| 910 | |d 16/10/2018 | ||
| 980 | # | # | |a Trung tâm Học liệu Lê Vũ Hùng, Trường Đại học Đồng Tháp |